<?xml version="1.0" encoding="UTF-8"?>
<marc:record xmlns:marc="http://www.loc.gov/MARC21/slim">
   <marc:leader>00000nam a2200000 a 4500</marc:leader>
   <marc:datafield ind1="1" ind2=" " tag="100">
      <marc:subfield code="a">Haydn, Annemarie</marc:subfield>
      <marc:subfield code="4">aut</marc:subfield>
      <marc:subfield code="e">Verfasser/-in</marc:subfield>
   </marc:datafield>
   <marc:datafield ind1=" " ind2=" " tag="653">
      <marc:subfield code="a">Jahresbericht</marc:subfield>
   </marc:datafield>
   <marc:datafield ind1=" " ind2=" " tag="653">
      <marc:subfield code="a">s||Kennzahl</marc:subfield>
   </marc:datafield>
   <marc:datafield ind1=" " ind2=" " tag="653">
      <marc:subfield code="a">Bibliotheksmanagement</marc:subfield>
   </marc:datafield>
   <marc:datafield ind1="0" ind2="0" tag="245">
      <marc:subfield code="a">Erstellung eines Jahresberichts für die Öffentliche Bücherei Wieselburg</marc:subfield>
   </marc:datafield>
   <marc:datafield ind1="0" ind2="0" tag="245">
      <marc:subfield code="c">Annemarie Haydn</marc:subfield>
   </marc:datafield>
   <marc:datafield ind1=" " ind2="1" tag="264">
      <marc:subfield code="a">Wieselburg</marc:subfield>
      <marc:subfield code="b">Öffentliche Bücherei Wieselburg</marc:subfield>
      <marc:subfield code="c">2025</marc:subfield>
   </marc:datafield>
   <marc:datafield ind1="1" ind2=" " tag="490">
      <marc:subfield code="a">EA-Kurs 159</marc:subfield>
   </marc:datafield>
   <marc:datafield ind1="1" ind2=" " tag="520">
      <marc:subfield code="a">Ziel des Projekts ist es, einen übersichtlichen Jahresbericht zu erstellen, der sowohl die Leistungen und Angebote der Bücherei Wieselburg als auch ihre gesellschaftliche Rolle im kulturellen Leben von Wieselburg betont. Der Bericht umfasst zentrale Daten wie den Medienbestand, Verleihzahlen, aktive Nutzerzahlen und Veranstaltungen, wobei besonderer Wert auf die visuelle Aufbereitung dieser Kennzahlen gelegt wird, um die Informationen für unterschiedliche Zielgruppen verständlich und ansprechend zu präsentieren. Das Projekt begann mit der Analyse von Jahresberichten anderer Bibliotheken sowie der Auswahl eines geeigneten Grafikprogramms. Es wurden relevante Daten, wie Nutzerzahlen und Veranstaltungsdetails gesammelt und strukturiert im Jahresbericht aufbereitet. Der Bericht wurde in Hauptkapitel unterteilt, die eine klare und übersichtliche Darstellung der Büchereileistungen gewährleisten.</marc:subfield>
   </marc:datafield>
   <marc:datafield ind1=" " ind2=" " tag="041">
      <marc:subfield code="a">ger</marc:subfield>
   </marc:datafield>
   <marc:datafield ind1=" " ind2=" " tag="300">
      <marc:subfield code="a">16 Seiten, Grafiken</marc:subfield>
   </marc:datafield>
</marc:record>
